MARC

LEADER 00000nam0a2200000 4500
001 82638
005 20231031095818.0
035 |a (RuTPU)RU\TPU\book\88809 
090 |a 82638 
100 |a 20051005f m y0rusy50 ca 
101 0 |a rus 
102 |a RU 
105 |a a z 000zy 
200 1 |a Термометр-щуп АМ-6  |f Главное управление гидрометслужбы при Совете Министров СССР 
210 |a Рига 
215 |a 4 с.  |c ил. 
610 1 |a термометры 
610 1 |a описание 
610 1 |a технические данные 
610 1 |a эксплуатация 
610 1 |a хранение 
610 1 |a щупы 
610 1 |a щуп АМ-6 
675 |a 69  |v 3 
712 0 2 |a Главное управление гидрометслужбы при Совете Министров СССР 
801 1 |a RU  |b 63413507  |c 20051005  |g PSBO 
801 2 |a RU  |b 63413507  |c 20190617  |g PSBO 
942 |c BK